Les pays qui visitent le plus les Pays-Bas - Statistiques

Statistiques générales
  • Ce quiz a été pris 222 fois
  • Le résultat moyen est 9 sur 10
Statistiques - réponses
Visiteurs Pays % Correct
825,000 France
100%
5,190,000 Allemagne
99%
2,240,000 Belgique
99%
445,000 Espagne
95%
2,195,000 Royaume-Uni
95%
1,414,000 États-Unis
93%
565,000 Italie
90%
364,000 Chine
87%
285,000 Suisse
80%
180,000 Canada
77%
Aucun quiz correspondant
Distribution des résultats
% des personnes avec chaque résultat
Percentile par nombre de réponses
Votre historique - résultats
Vous n’avez pas pris ce quiz